Baby Animals Swimming Quiz Stats

 Plays Quiz Updated Mar 18, 2020

Support Sporcle.
Go Orange.
Score 0/20 Timer 05:00
1 Play Today
Animal % Correct
Dog
98.6%
Pig
98%
Elephant
97.6%
Hippopotamus
97.5%
Duck
96.9%
Dolphin
96.2%
Hawksbill turtle
95.8%
Polar bear
95.2%
Swan
92.7%
Beluga Whale
92.6%
Animal % Correct
Monkey
92.4%
Orca
91.6%
Lion
91.5%
Walrus
90.6%
Penguin
86.5%
Skunk
86.5%
Octopus
82.9%
Moose
61.2%
Tapir
44.4%
Flamingo
13.7%

You're not logged in!

Compare scores with friends on all Sporcle quizzes.
OR
Log In

From the Vault

Match the Book to the Film

by senordingdong

Hopefully you're good at adapting.
Remove Ads.
Support Sporcle.
Get the best of Sporcle when you Go Orange. This ad-free experience offers more features, more stats, and more fun while also helping to support Sporcle. Thank you for becoming a member.

Show Comments

Extras

Top Quizzes Today


Score Distribution

Your Account Isn't Verified!

In order to create a playlist on Sporcle, you need to verify the email address you used during registration. Go to your Sporcle Settings to finish the process.

Report this User

Report this user for behavior that violates our Community Guidelines.

Details: